| 000 | 00662nam a2200217Ia 4500 | ||
|---|---|---|---|
| 003 | OSt | ||
| 005 | 20230502151020.0 | ||
| 008 | 210423s2011 xx 000 0 und d | ||
| 020 | _a978-1-61039-093-4 | ||
| 040 | _cAL | ||
| 041 | _aeng | ||
| 082 |
_a339.4 _223 _bBANP |
||
| 100 |
_aBANERJEE (Abhijit V);DUFLO (Esther) _996231 |
||
| 245 | _aPoor economics: a radical rethinking of the way to fight global poverty | ||
| 260 |
_aNew York _bPublic Affair _c2011 |
||
| 300 |
_axi,303 _bPB |
||
| 365 |
_b1351.05 _cUSD |
||
| 650 |
_aMacroeconomics _996232 |
||
| 906 | _aeconomics: ; fight ; global ; Poor ; poverty ; radical ; rethinking ; way | ||
| 942 |
_2ddc _cBK |
||
| 999 |
_c170690 _d170690 |
||